000 01374cam a2200349 a 4500
999 _c2924
_d2924
001 1940667
005 20170727120450.0
008 860605s1985 fr b 001 0 fre
010 _a 86168129
020 _a2070704939 (v. 1) :
_c295F
020 _a2070705250 (v. 2) :
_c210F
040 _aDLC
_cDLC
_dDLC
050 0 0 _aB2430.S33
_bC7 1985
082 0 0 _a142/.78
_219
100 1 _aSartre, Jean-Paul,
_d1905-1980.
_95613
240 1 0 _aCritique de la raison dialectique
245 1 0 _aCritique de la raison dialectique ; précédé de, Questions de méthode /
_cJean-Paul Sartre ; texte établi et annoté par Arlette Elkaïm-Sartre.
260 _a[Paris] :
_bGallimard,
_cc1985.
300 _a2 v. ;
_c23 cm.
490 1 _aBibliothèque de philosophie
504 _aIncludes bibliographical references and index.
505 0 _at. 1. Théorie des ensembles pratique -- t. 2. L'intelligibilité de l'histoire.
650 0 _aDialectical materialism.
_918201
650 0 _aExistentialism.
_91759
700 2 _aElkaïm-Sartre, Arlette.
_933705
700 1 2 _aSartre, Jean-Paul,
_d1905-1980.
_tQuestions de méthode.
_f1985.
_933706
740 0 _aCritique de la raison dialectique.
740 0 _aQuestions de méthode.
830 0 _aBibliothèque de philosophie (Gallimard (Firm))
_933707
906 _a7
_bcbc
_corignew
_d3
_encip
_f19
_gy-gencatlg
942 _2lcc
_cMONOGRAPH